<?xml version="1.0" encoding="UTF-8"?>
<record
    xmlns:xsi="http://www.w3.org/2001/XMLSchema-instance"
    xsi:schemaLocation="http://www.loc.gov/MARC21/slim http://www.loc.gov/standards/marcxml/schema/MARC21slim.xsd"
    xmlns="http://www.loc.gov/MARC21/slim">

  <leader>00261nam a22001217a 4500</leader>
  <datafield tag="040" ind1=" " ind2=" ">
    <subfield code="c">SY</subfield>
  </datafield>
  <datafield tag="082" ind1=" " ind2=" ">
    <subfield code="a">630</subfield>
  </datafield>
  <datafield tag="100" ind1=" " ind2=" ">
    <subfield code="a">CHAIRE-MARIE LA SADE</subfield>
  </datafield>
  <datafield tag="245" ind1=" " ind2=" ">
    <subfield code="a">Agronomie moderne</subfield>
  </datafield>
  <datafield tag="260" ind1=" " ind2=" ">
    <subfield code="a">FRANCOPHONES</subfield>
    <subfield code="b">CHAIRE-MARIE LA SADE</subfield>
    <subfield code="c">1994</subfield>
  </datafield>
  <datafield tag="300" ind1=" " ind2=" ">
    <subfield code="a">544P.</subfield>
  </datafield>
  <datafield tag="942" ind1=" " ind2=" ">
    <subfield code="c">EK</subfield>
  </datafield>
  <datafield tag="999" ind1=" " ind2=" ">
    <subfield code="c">8792</subfield>
    <subfield code="d">8792</subfield>
  </datafield>
  <datafield tag="952" ind1=" " ind2=" ">
    <subfield code="0">0</subfield>
    <subfield code="1">0</subfield>
    <subfield code="4">0</subfield>
    <subfield code="6">630_000000000000000_CLA_1994_C258</subfield>
    <subfield code="7">0</subfield>
    <subfield code="9">49735</subfield>
    <subfield code="a">LBC</subfield>
    <subfield code="b">LBC</subfield>
    <subfield code="c">C258</subfield>
    <subfield code="d">2016-08-16</subfield>
    <subfield code="o">630 CLA 1994 C258</subfield>
    <subfield code="p">RUA062518</subfield>
    <subfield code="r">2016-08-16</subfield>
    <subfield code="y">EK</subfield>
  </datafield>
  <datafield tag="952" ind1=" " ind2=" ">
    <subfield code="0">0</subfield>
    <subfield code="1">0</subfield>
    <subfield code="4">0</subfield>
    <subfield code="6">630_000000000000000_CLA_1994_C258</subfield>
    <subfield code="7">0</subfield>
    <subfield code="9">49736</subfield>
    <subfield code="a">LBC</subfield>
    <subfield code="b">LBC</subfield>
    <subfield code="c">C258</subfield>
    <subfield code="d">2016-08-16</subfield>
    <subfield code="o">630 CLA 1994 C258</subfield>
    <subfield code="p">RUA062458</subfield>
    <subfield code="r">2016-08-16</subfield>
    <subfield code="y">EK</subfield>
  </datafield>
  <datafield tag="952" ind1=" " ind2=" ">
    <subfield code="0">0</subfield>
    <subfield code="1">0</subfield>
    <subfield code="4">0</subfield>
    <subfield code="6">630_000000000000000_CLA_1994_C258</subfield>
    <subfield code="7">0</subfield>
    <subfield code="9">49737</subfield>
    <subfield code="a">LBC</subfield>
    <subfield code="b">LBC</subfield>
    <subfield code="c">C258</subfield>
    <subfield code="d">2016-08-16</subfield>
    <subfield code="o">630 CLA 1994 C258</subfield>
    <subfield code="p">RUA062398</subfield>
    <subfield code="r">2016-08-16</subfield>
    <subfield code="y">EK</subfield>
  </datafield>
  <datafield tag="952" ind1=" " ind2=" ">
    <subfield code="0">0</subfield>
    <subfield code="1">0</subfield>
    <subfield code="4">0</subfield>
    <subfield code="6">630_000000000000000_CLA_1994_C258</subfield>
    <subfield code="7">0</subfield>
    <subfield code="9">49738</subfield>
    <subfield code="a">LBC</subfield>
    <subfield code="b">LBC</subfield>
    <subfield code="c">C258</subfield>
    <subfield code="d">2016-08-16</subfield>
    <subfield code="o">630 CLA 1994 C258</subfield>
    <subfield code="p">RUA062450</subfield>
    <subfield code="r">2016-08-16</subfield>
    <subfield code="y">EK</subfield>
  </datafield>
  <datafield tag="952" ind1=" " ind2=" ">
    <subfield code="0">0</subfield>
    <subfield code="1">0</subfield>
    <subfield code="4">0</subfield>
    <subfield code="6">630_000000000000000_CLA_1994_C258</subfield>
    <subfield code="7">0</subfield>
    <subfield code="9">49739</subfield>
    <subfield code="a">LBC</subfield>
    <subfield code="b">LBC</subfield>
    <subfield code="c">C258</subfield>
    <subfield code="d">2016-08-16</subfield>
    <subfield code="o">630 CLA 1994 C258</subfield>
    <subfield code="p">RUA062338</subfield>
    <subfield code="r">2016-08-16</subfield>
    <subfield code="y">EK</subfield>
  </datafield>
</record>
